| 000 | 00428nam a2200181Ia 4500 | ||
|---|---|---|---|
| 005 | 20240823041815.0 | ||
| 008 | 240823s9999||||xx |||||||||||||| ||und|| | ||
| 041 | _aENGLISH | ||
| 082 | _A891.733 L5 | ||
| 100 | _aMikhail Rudakov | ||
| 245 | 0 | _aLec Tolstoy Short Stories | |
| 250 | _a1st | ||
| 260 |
_c1975 _bPrograss Publica |
||
| 500 | _aTRANSFERED | ||
| 650 |
_aShort Stories _bGeneral |
||
| 942 | _cBK | ||
| 999 |
_c206380 _d206380 |
||